[Event "Ruhrgebiet Verbandsliga Gruppe 1 1819"]
[Site "Nordrheinwestfalen"]
[Date "2018.10.07"]
[Round "2.8"]
[White "Pappert, Thomas"]
[Black "Neugebauer, Thomas"]
[Result "1/2-1/2"]
[WhiteElo "1766"]
[BlackElo "1842"]
[PlyCount "103"]
[EventDate "2018.09.23"]
[EventType "team-tourn"]
[EventRounds "9"]
[EventCountry "GER"]
[SourceTitle "EXT 2022"]
[Source "ChessBase"]
[SourceDate "2021.10.06"]
[SourceVersion "1"]
[SourceVersionDate "2021.10.06"]
[SourceQuality "1"]
[WhiteTeam "Bochum-Linden"]
[BlackTeam "Altenessen"]
[WhiteTeamCountry "GER"]
[BlackTeamCountry "GER"]

1. c4 Nf6 2. Nc3 g6 3. e4 d6 4. d3 Bg7 5. f4 c5 6. Nf3 Nc6 7. Be2 Nd4 8. 0-0 Nxe2+ 9. Qxe2 0-0 10. Rb1 a6 11. Kh1 Bd7 12. Be3 b5 13. Nd5 Ng4 14. Bg1 e6 15. Ne3 Nh6 16. g4 f5 17. g5 Nf7 18. b3 Bc6 19. Nc2 Qd7 20. h4 Qb7 21. Nd2 Rfe8 22. d4 Rad8 23. Kh2 fxe4 24. dxc5 d5 25. Nb4 h6 26. Rfe1 hxg5 27. hxg5 Qc7 28. Qg4 dxc4 29. Nxe4 Bxe4 30. Rxe4 Rd2+ 31. Kg3 Qd7 32. Be3 Rd3 33. Re1 Rc3 34. Rd1 Qc8 35. bxc4 Qxc5 36. Nd3 Qc6 37. Qf3 bxc4 38. Nc5 Rc2 39. Rd7 c3 40. Qd1 Rxa2 41. Bd4 Rd2 42. Qg1 Bxd4 43. Rexd4 Qxc5 44. Rxf7 Rxd4 45. Qh1 Rd3+ 46. Kg4 Qf5+ 47. Rxf5 exf5+ 48. Kh4 Ree3 49. Qa8+ Kf7 50. Qb7+ Ke8 51. Qc8+ Kf7 52. Qe8+ 1/2-1/2

[Event "Ruhrgebiet Verbandsliga Gruppe 2 1415"]
[Site "Germany"]
[Date "2014.10.19"]
[Round "2.4"]
[White "Neugebauer, Thomas"]
[Black "Rueberg, Jobst"]
[Result "0-1"]
[WhiteElo "1830"]
[BlackElo "2066"]
[PlyCount "76"]
[EventDate "2014.09.21"]
[EventType "team-tourn"]
[EventRounds "9"]
[EventCountry "GER"]
[SourceTitle "EXT 2022"]
[Source "ChessBase"]
[SourceDate "2021.10.06"]
[SourceVersion "1"]
[SourceVersionDate "2021.10.06"]
[SourceQuality "1"]
[WhiteTeam "Altenessen"]
[BlackTeam "Ahlen SV"]
[WhiteTeamCountry "GER"]
[BlackTeamCountry "GER"]

1. e4 c5 2. Nf3 e6 3. Nc3 Nc6 4. g3 g6 5. Bg2 Bg7 6. 0-0 Nge7 7. d3 d6 8. Ne2 0-0 9. c3 b6 10. Bg5 Ba6 11. Qd2 Qd7 12. Bh6 Rad8 13. Bxg7 Kxg7 14. Rfd1 e5 15. c4 h6 16. Nc3 f5 17. b3 Rf7 18. Ne1 Rdf8 19. f3 Nd4 20. Qe3 Bb7 21. Rd2 g5 22. Nd5 Ng6 23. Qf2 g4 24. fxg4 fxe4 25. Qe3 Nf3+ 26. Nxf3 exf3 27. Bh3 f2+ 28. Kf1 Ne7 29. Nxe7 Qxe7 30. Rdd1 Rf3 31. Qe2 Qg5 32. Qd2 Re3 33. Qc1 h5 34. Bg2 Bxg2+ 35. Kxg2 hxg4 36. a4 Rff3 37. a5 Qh6 38. axb6 f1Q+ 0-1

[Event "NRW Verbandsklasse playoff"]
[Site "Nordrheinwestfalen"]
[Date "2014.06.22"]
[Round "3.4"]
[White "Bollwerk, Markus"]
[Black "Neugebauer, Thomas"]
[Result "1/2-1/2"]
[WhiteElo "2062"]
[BlackElo "1830"]
[PlyCount "104"]
[EventDate "2014.05.11"]
[EventType "team-tourn"]
[EventRounds "2"]
[EventCountry "GER"]
[SourceTitle "EXT 2020"]
[Source "ChessBase"]
[SourceDate "2019.10.17"]
[SourceVersion "1"]
[SourceVersionDate "2019.10.17"]
[SourceQuality "1"]
[WhiteTeam "Eichlinghofen SV"]
[BlackTeam "Altenessen"]
[WhiteTeamCountry "GER"]
[BlackTeamCountry "GER"]

1. e4 c5 2. d3 Nc6 3. g3 g6 4. Bg2 Bg7 5. Ne2 d6 6. c4 Bg4 7. h3 Bd7 8. 0-0 e6 9. Nbc3 a6 10. Be3 Nd4 11. f4 Ne7 12. Rb1 Nec6 13. a3 0-0 14. b4 Qc7 15. Qd2 Rac8 16. Rfc1 b6 17. Kh1 Nxe2 18. Nxe2 Nd4 19. Nc3 Bc6 20. g4 f5 21. b5 axb5 22. cxb5 Bb7 23. a4 fxg4 24. hxg4 Qe7 25. g5 h6 26. Rf1 hxg5 27. fxg5 Be5 28. Bf4 Qh7+ 29. Kg1 Qh4 30. Bxe5 dxe5 31. Rxf8+ Rxf8 32. Rf1 Rf4 33. Ne2 Nxe2+ 34. Qxe2 Qxg5 35. Qa2 Rxf1+ 36. Kxf1 Kf7 37. Bh3 Bc8 38. Qc2 Qf4+ 39. Kg2 Qg5+ 40. Kf1 Qd8 41. Qf2+ Kg7 42. Qg3 Qd4 43. Ke2 Bd7 44. Qg5 Kf7 45. Qh4 Qxa4 46. Qh7+ Ke8 47. Qxg6+ Ke7 48. Qg7+ Kd6 49. Qf8+ Kc7 50. Qg7 Kd6 51. Qf8+ Kc7 52. Qg7 Kd6 1/2-1/2

[Event "Ruhrgebiet VK1 1213"]
[Site "Nordrheinwestfalen"]
[Date "2012.09.02"]
[Round "1.2"]
[White "Reiter, Hans Ernst"]
[Black "Neugebauer, Thomas"]
[Result "1-0"]
[WhiteElo "2031"]
[BlackElo "1893"]
[PlyCount "97"]
[EventDate "2012.09.02"]
[EventType "team-tourn"]
[EventRounds "9"]
[EventCountry "GER"]
[SourceTitle "EXT 2020"]
[Source "ChessBase"]
[SourceDate "2019.10.17"]
[SourceVersion "1"]
[SourceVersionDate "2019.10.17"]
[SourceQuality "1"]
[WhiteTeam "Muelheim Nord IV"]
[BlackTeam "Altenessen"]
[WhiteTeamCountry "GER"]
[BlackTeamCountry "GER"]

1. d4 Nf6 2. Nf3 g6 3. c3 Bg7 4. Bf4 d6 5. h3 c6 6. Nbd2 Bf5 7. e3 Nbd7 8. Be2 0-0 9. 0-0 Re8 10. Bc4 e5 11. dxe5 Nxe5 12. Bxe5 dxe5 13. Qb3 Re7 14. a4 b5 15. axb5 cxb5 16. Be2 a6 17. Rfd1 Qe8 18. Nf1 Be6 19. Qc2 h6 20. Ng3 Nd7 21. Ne4 f5 22. Nd6 Qb8 23. c4 e4 24. Ne1 Be5 25. c5 Nb6 26. cxb6 Bxd6 27. Qc6 Bh2+ 28. Kh1 Re8 29. g3 Bxg3 30. fxg3 Qxg3 31. Ng2 Qxh3+ 32. Kg1 Bf7 33. b7 Rab8 34. Rxa6 f4 35. exf4 Qg3 36. Ra8 e3 37. Qf3 Qf2+ 38. Kh2 Rxb7 39. Rxe8+ Bxe8 40. Qxb7 Qxe2 41. Re1 Qh5+ 42. Kg1 e2 43. Qe4 Qc5+ 44. Qe3 Qc6 45. Rxe2 Bf7 46. Qe5 Qc1+ 47. Re1 Qd2 48. Qb8+ Kg7 49. Qxb5 1-0

[Event "Ruhrgebiet VK2 1112"]
[Site "Nordrheinwestfalen"]
[Date "2012.03.25"]
[Round "8.4"]
[White "Uhlich, Wilfried"]
[Black "Neugebauer, Thomas"]
[Result "1-0"]
[WhiteElo "1858"]
[BlackElo "1926"]
[PlyCount "103"]
[EventDate "2012.09.18"]
[EventType "team-tourn"]
[EventRounds "9"]
[EventCountry "GER"]
[SourceTitle "EXT 2020"]
[Source "ChessBase"]
[SourceDate "2019.10.17"]
[SourceVersion "1"]
[SourceVersionDate "2019.10.17"]
[SourceQuality "1"]
[WhiteTeam "Drewer SG"]
[BlackTeam "Altenessen"]
[WhiteTeamCountry "GER"]
[BlackTeamCountry "GER"]

1. d4 Nf6 2. Bg5 g6 3. Bxf6 exf6 4. g3 Bg7 5. Bg2 f5 6. e3 d6 7. c4 c6 8. Nc3 Nd7 9. Nge2 Nf6 10. 0-0 0-0 11. Qc2 Re8 12. Rfd1 Qe7 13. b4 Ne4 14. Nxe4 fxe4 15. Nc3 f5 16. Rab1 Qf6 17. Rb3 Be6 18. d5 Bf7 19. Ra3 a6 20. dxc6 bxc6 21. Qa4 Rec8 22. Bf1 Qe7 23. Qc2 Be5 24. Na4 Rab8 25. Qd2 Qb7 26. Rb1 Rd8 27. Qc2 h5 28. c5 d5 29. Nb6 d4 30. exd4 Bxd4 31. Bc4 Qe7 32. Bxf7+ Kxf7 33. Qc4+ Kg7 34. Re1 h4 35. Qxa6 hxg3 36. hxg3 Qg5 37. Qa7+ Kg8 38. Qc7 Qd2 39. Rf1 e3 40. Ra7 exf2+ 41. Kg2 Qh6 42. Qf7+ Kh8 43. Qc4 Bg7 44. Rh1 Qxh1+ 45. Kxh1 Rd1+ 46. Kg2 Bd4 47. Qf1 Rxf1 48. Kxf1 Re8 49. Ra8 Rxa8 50. Nxa8 Kg8 51. b5 Bxc5 52. bxc6 1-0

[Event "Ruhrgebiet VK2 0910"]
[Site "Ruhrgebiet"]
[Date "2009.12.06"]
[Round "4.5"]
[White "Neugebauer, Thomas"]
[Black "Hollstein, Ralf"]
[Result "1-0"]
[WhiteElo "2187"]
[BlackElo "1869"]
[PlyCount "67"]
[EventDate "2009.09.06"]
[EventType "team"]
[EventRounds "9"]
[EventCountry "GER"]
[SourceTitle "EXT 2011"]
[Source "ChessBase"]
[SourceDate "2010.11.26"]
[SourceVersion "1"]
[SourceVersionDate "2010.11.26"]
[SourceQuality "1"]
[WhiteTeam "Altenessen"]
[BlackTeam "Bochum SV II"]
[WhiteTeamCountry "GER"]
[BlackTeamCountry "GER"]

1. e4 e6 2. d3 d5 3. Nd2 c5 4. Ngf3 Nc6 5. g3 Be7 6. Bg2 Nf6 7. 0-0 0-0 8. Re1 Qc7 9. e5 Nd7 10. Qe2 b5 11. Nf1 Bb7 12. Bf4 a5 13. h4 Rfe8 14. N1h2 b4 15. h5 Bf8 16. Ng4 Qd8 17. h6 g6 18. Qd2 Be7 19. Bg5 Bxg5 20. Nxg5 Nd4 21. f4 Nf5 22. Kh2 Rb8 23. c3 Qe7 24. a3 bxc3 25. bxc3 Qf8 26. Rh1 Qe7 27. Rab1 Ba6 28. c4 Bb7 29. Qxa5 Bc6 30. cxd5 Bxd5 31. Bxd5 exd5 32. Qc7 Rxb1 33. Rxb1 Qd8 34. Qxd7 1-0

[Event "Ruhrgebiet VL2 0708"]
[Site "Germany"]
[Date "2008.04.06"]
[Round "8.5"]
[White "Neugebauer, Thomas"]
[Black "Schorra, Helmut"]
[Result "0-1"]
[WhiteElo "2188"]
[BlackElo "2149"]
[PlyCount "144"]
[EventDate "2007.09.02"]
[EventType "team"]
[EventRounds "9"]
[EventCountry "GER"]
[SourceTitle "EXT 2009"]
[Source "ChessBase"]
[SourceDate "2008.11.26"]
[SourceVersion "1"]
[SourceVersionDate "2008.11.26"]
[SourceQuality "1"]
[WhiteTeam "Altenessen "]
[BlackTeam "Buer"]
[WhiteTeamCountry "GER"]
[BlackTeamCountry "GER"]

1. e4 c5 2. Nf3 d6 3. d4 cxd4 4. Nxd4 Nf6 5. Nc3 Nc6 6. Be3 Ng4 7. Nxc6 bxc6 8. Qd2 Nxe3 9. Qxe3 Qb6 10. Qxb6 axb6 11. Bc4 g6 12. Ne2 Ra4 13. Bd3 Bg7 14. c3 Be6 15. a3 0-0 16. 0-0 f5 17. Bc2 Ra7 18. Nd4 Bxd4 19. cxd4 fxe4 20. Bxe4 d5 21. Bc2 Rf4 22. Rad1 c5 23. dxc5 bxc5 24. g3 Rf6 25. Rfe1 Rb7 26. b3 Kf7 27. Re5 Rf3 28. Rde1 Rc3 29. Bd1 Rb6 30. Kg2 Kf6 31. a4 Rc1 32. g4 g5 33. h4 h6 34. hxg5+ hxg5 35. f4 gxf4 36. g5+ Kg7 37. a5 Ra6 38. Bh5 Rxe1 39. Rxe1 d4 40. Re5 Rd6 41. Bd1 Bd5+ 42. Kf2 e6 43. Be2 Bxb3 44. Rxc5 d3 45. Bh5 Rd7 46. Rb5 Bd5 47. a6 Ra7 48. Rb6 d2 49. Ke2 Rxa6 50. Rb2 Ra2 51. Rxd2 Rxd2+ 52. Kxd2 e5 53. Kd3 Bf7 54. Bd1 Bg6+ 55. Kd2 Kf7 56. Bb3+ Ke7 57. Bc4 Kd6 58. Bb3 e4 59. Bd1 Ke5 60. Bg4 Bf5 61. Bh5 Be6 62. Be8 e3+ 63. Ke2 Bg4+ 64. Kd3 e2 65. Kd2 f3 66. Ke1 Kf4 67. Kf2 Kxg5 68. Bb5 Kf4 69. Bc4 e1Q+ 70. Kxe1 Ke3 71. Kf1 f2 72. Kg2 Be2 0-1

[Event "Ruhrgebiet VL2 0708"]
[Site "Germany"]
[Date "2008.03.09"]
[Round "7.5"]
[White "Jaring, Thorsten"]
[Black "Neugebauer, Thomas"]
[Result "1-0"]
[WhiteElo "1953"]
[BlackElo "2188"]
[PlyCount "85"]
[EventDate "2007.09.02"]
[EventType "team"]
[EventRounds "9"]
[EventCountry "GER"]
[SourceTitle "EXT 2009"]
[Source "ChessBase"]
[SourceDate "2008.11.26"]
[SourceVersion "1"]
[SourceVersionDate "2008.11.26"]
[SourceQuality "1"]
[WhiteTeam "Laeufer Ost"]
[BlackTeam "Altenessen "]
[WhiteTeamCountry "GER"]
[BlackTeamCountry "GER"]

1. c4 Nf6 2. Nc3 g6 3. d3 Bg7 4. e4 d6 5. f4 c5 6. Nf3 Nc6 7. Be2 0-0 8. 0-0 a6 9. Qe1 Nd4 10. Nxd4 cxd4 11. Nd1 b5 12. cxb5 axb5 13. Qg3 Be6 14. a3 Qd7 15. Nf2 Kh8 16. e5 Nd5 17. Bg4 dxe5 18. fxe5 Bxg4 19. Nxg4 Qe6 20. Re1 h5 21. Nf2 Nb4 22. Re2 Nc6 23. Bf4 b4 24. Nh3 bxa3 25. bxa3 Qb3 26. e6 Ra5 27. exf7 Qxf7 28. Rf2 Qe8 29. Ng5 e5 30. Bd2 Ra8 31. Rxf8+ Bxf8 32. Rf1 Kg8 33. Nf7 Qe6 34. Qf3 Rxa3 35. Ng5 Qe8 36. Qd5+ Kh8 37. Rf7 Ra1+ 38. Kf2 Bg7 39. Qe4 Ne7 40. Bb4 Ra2+ 41. Kg3 Nf5+ 42. Rxf5 gxf5 43. Qxf5 1-0

[Event "Ruhrgebiet VL1 0405"]
[Site "Ruhrgebiet"]
[Date "2004.11.28"]
[Round "4.7"]
[White "Neugebauer, Thomas"]
[Black "Schreiber, Alfred"]
[Result "1/2-1/2"]
[WhiteElo "1935"]
[BlackElo "1821"]
[PlyCount "52"]
[EventDate "2004.09.12"]
[EventType "team"]
[EventRounds "9"]
[EventCountry "GER"]
[SourceTitle "EXT 2006"]
[Source "ChessBase"]
[SourceDate "2005.11.24"]
[SourceVersion "1"]
[SourceVersionDate "2005.11.24"]
[SourceQuality "1"]
[WhiteTeam "Altenessen"]
[BlackTeam "Werne SK"]
[WhiteTeamCountry "GER"]
[BlackTeamCountry "GER"]

1. e4 c5 2. Nf3 Nc6 3. d4 cxd4 4. Nxd4 g6 5. Nc3 Bg7 6. Be3 Nf6 7. Nb3 0-0 8. Be2 d6 9. 0-0 b6 10. f4 Bb7 11. Bf3 Rc8 12. Rf2 Qc7 13. a3 Rfe8 14. g4 Nd7 15. Nd5 Qb8 16. c3 e6 17. Nb4 Nc5 18. Nxc5 dxc5 19. Nc2 Na5 20. Qf1 Qa8 21. b4 cxb4 22. axb4 Nc4 23. Bd4 Bxe4 24. Bxe4 Qxe4 25. Bxg7 Kxg7 26. Rxa7 Nd6 1/2-1/2

[Event "Ruhrgebiet VK3 0304"]
[Site "Ruhrgebiet"]
[Date "2004.02.08"]
[Round "6.5"]
[White "Bense, Dirk"]
[Black "Neugebauer, Thomas"]
[Result "1-0"]
[WhiteElo "1923"]
[BlackElo "1937"]
[PlyCount "45"]
[EventDate "2003.09.28"]
[EventType "team"]
[EventRounds "9"]
[EventCountry "GER"]
[SourceTitle "EXT 2007"]
[Source "ChessBase"]
[SourceDate "2006.11.23"]
[SourceVersion "1"]
[SourceVersionDate "2006.11.23"]
[SourceQuality "1"]
[WhiteTeam "Brackel II"]
[BlackTeam "Altenessen II"]
[WhiteTeamCountry "GER"]
[BlackTeamCountry "GER"]

1. e4 c5 2. Nf3 d6 3. d4 cxd4 4. Nxd4 Nf6 5. Nc3 a6 6. f4 Qc7 7. Be2 g6 8. 0-0 Bg7 9. Be3 0-0 10. Bf3 Nbd7 11. g4 e5 12. g5 Ne8 13. Nd5 Qd8 14. Nf5 gxf5 15. exf5 exf4 16. f6 fxe3 17. Be4 Nexf6 18. gxf6 Re8 19. Bxh7+ Kf8 20. fxg7+ Kxg7 21. Qg4+ Kh8 22. Qh5 Re5 23. Bf5+ 1-0